Normal view
MARC view
- Barnes, J. W.
Entry Personal Name
001 - CONTROL NUMBER
- control field: 128785
003 - CONTROL NUMBER IDENTIFIER
- control field: NUST
005 - DATE AND TIME OF LATEST TRANSACTION
- control field: 20250422101935.0
008 - FIXED-LENGTH DATA ELEMENTS
- fixed length control field: 250422|| aca||aabn | a|a d
040 ## - CATALOGING SOURCE
- Original cataloging agency: NUST
- Transcribing agency: NUST
100 ## - HEADING--PERSONAL NAME
- Personal name: Barnes, J. W.
- Fuller form of name: (John Wykeham),
- Dates associated with a name: 1921-
670 ## - SOURCE DATA FOUND
- Source citation: Work cat.: (NUST)0: Lisle, Richard J. 128782, Basic geological mapping., 2011.
